| 000 | 00910cam a2200277 4500 | ||
|---|---|---|---|
| 001 | 23497 | ||
| 003 | BD-RjUL | ||
| 005 | 20211209000934.0 | ||
| 008 | 140311s1970 enk b 001 0 eng | ||
| 020 | _a0226538478 | ||
| 035 | _a(BD-RjUL)23562 | ||
| 040 |
_aDLC _cDLC _dDLC _dBD-RjUL _beng |
||
| 041 | _aeng | ||
| 082 | 0 | 0 |
_a824.8 _bMON 1970 |
| 100 | 1 |
_aMorley, John, _d1838-1923. _972350 |
|
| 245 | 1 | 0 |
_aNineteenth-century essays / _cSelected and with an introd. by Peter Stansky. |
| 260 |
_aChicago : _bUniversity of Chicago Press, _cc1970. |
||
| 300 |
_axx, 369 p. ; _c23 cm. |
||
| 490 | 0 | _aClassics of British historical literature | |
| 504 | _aIncludes bibliographical references and index. | ||
| 600 | 1 | 0 |
_aMill, John Stuart, _d1806-1873. _972357 |
| 650 | 0 |
_aEnglish literature _y19th century _xHistory and criticism. _972352 |
|
| 942 |
_2ddc _cBK |
||
| 999 |
_c23497 _d23497 |
||